000 00678nam a22001817a 4500
003 OSt
008 230705b |||||||| |||| 00| 0 eng d
020 _a9789966821423
020 _a 9966821422
050 _aHD49
_b.M48 2019
100 _aMugo, Mary
245 _aGrowing a business empire:
_b How to Effectively Manage Leadership Succession for Organizational Growth/
_cDR. Mary Mugo
260 _aNRB. Kenya :
_bZionPearl Publishers,
_cSeptember 22, 2019.
300 _axiv,140p. ;
_c21 cm
504 _aIncludes Bibliographical References
650 _aLeadership Succession
_xBusiness Empire
_yOrganization Growth
942 _2lcc
_cBOOKS
_hHD49 .M48 2019
999 _c31641
_d31641